000 00640cam a22002413a 4500
001 6113
003 PGUSA
005 20140828083128.0
008 040701s2004||||xxu|||||s|||||000 1 eng d
040 _aPGUSA
_beng
042 _adc
050 4 _aPS
100 1 _aRoe, Edward Payson,
_d1838-1888
245 1 2 _aA Day of Fate
_h[electronic resource] /
_cEdward Payson Roe
260 _bProject Gutenberg,
_c2004
506 _aPublic domain in the USA.
516 _aElectronic text
653 _aLove stories
653 _aFiction
830 0 _aProject Gutenberg
_v6113
856 4 0 _uhttp://www.gutenberg.org/ebooks/6113
942 _cEB
999 _c235441
_d235441